[Event "HUN-chT 0607"]
[Site "Hungary"]
[Date "2007.03.25"]
[Round "7"]
[White "Haag, Ervin"]
[Black "Lorincz, Istvan"]
[Result "0-1"]
[WhiteElo "2306"]
[BlackElo "2315"]
[PlyCount "72"]
[EventDate "2006.11.12"]
[EventType "team"]
[EventRounds "11"]
[EventCountry "HUN"]
[SourceTitle "EXT 2008"]
[Source "ChessBase"]
[SourceDate "2007.11.25"]
[SourceVersion "1"]
[SourceVersionDate "2007.11.25"]
[SourceQuality "1"]
[WhiteTeam "Taban Spartacus"]
[BlackTeam "Statisztika"]
[WhiteTeamCountry "HUN"]
[BlackTeamCountry "HUN"]

1. c4 Nf6 2. g3 c6 3. Nf3 d5 4. b3 Bf5 5. Bb2 e6 6. Bg2 Be7 7. 0-0 0-0 8. d4 Nbd7 9. Nc3 h6 10. e3 Ne4 11. Qe2 a5 12. c5 Bf6 13. Rac1 Qc7 14. Na4 Rfe8 15. Rfd1 Bg4 16. h3 Bh5 17. Qf1 Re7 18. Nc3 Rae8 19. g4 Bg6 20. Ne2 Nexc5 21. Nf4 Ne4 22. Ba3 Nd6 23. Nxg6 fxg6 24. Qd3 g5 25. Qg6 Rf7 26. Nd2 Nb5 27. Bb2 Qd6 28. a4 Nc7 29. h4 Nf8 30. Qd3 e5 31. hxg5 e4 32. Qc3 Bxg5 33. Rf1 Qd7 34. Qxa5 Qxg4 35. Ba3 Re6 36. Bxf8 Rg6 0-1

[Event "HUN-chT 0607"]
[Site "Hungary"]
[Date "2007.02.18"]
[Round "5"]
[White "Haag, Ervin"]
[Black "Horvath, Peter"]
[Result "1/2-1/2"]
[WhiteElo "2306"]
[BlackElo "2451"]
[PlyCount "47"]
[EventDate "2006.11.12"]
[EventType "team"]
[EventRounds "11"]
[EventCountry "HUN"]
[SourceTitle "EXT 2008"]
[Source "ChessBase"]
[SourceDate "2007.11.25"]
[SourceVersion "1"]
[SourceVersionDate "2007.11.25"]
[SourceQuality "1"]
[WhiteTeam "Taban Spartacus"]
[BlackTeam "Nagykanizsa"]
[WhiteTeamCountry "HUN"]
[BlackTeamCountry "HUN"]

1. c4 e6 2. Nf3 d5 3. g3 Nf6 4. Bg2 Be7 5. 0-0 0-0 6. d4 dxc4 7. Ne5 Nc6 8. Bxc6 bxc6 9. Nxc6 Qe8 10. Nxe7+ Qxe7 11. Qa4 e5 12. dxe5 Qxe5 13. Nc3 Be6 14. Bf4 Qh5 15. f3 Qc5+ 16. Kg2 Rab8 17. Qc2 Rb4 18. Rad1 Rfb8 19. Bc1 Qh5 20. Kg1 Qe5 21. e4 h5 22. Qf2 Qa5 23. Qe3 R4b6 24. Rf2 1/2-1/2

[Event "HUN-chT 0506"]
[Site "Hungary"]
[Date "2006.04.23"]
[Round "11"]
[White "Krizsany, Laszlo"]
[Black "Haag, Ervin"]
[Result "1/2-1/2"]
[WhiteElo "2451"]
[BlackElo "2330"]
[PlyCount "32"]
[EventDate "2005.10.16"]
[EventType "team"]
[EventRounds "11"]
[EventCountry "HUN"]
[SourceTitle "EXT 2007"]
[Source "ChessBase"]
[SourceDate "2006.11.23"]
[SourceVersion "1"]
[SourceVersionDate "2006.11.23"]
[SourceQuality "1"]

1. d4 f5 2. c4 e6 3. Nf3 Nf6 4. g3 Be7 5. Bg2 0-0 6. Nc3 d6 7. 0-0 Ne4 8. Qc2 Nxc3 9. Qxc3 a5 10. b3 Nc6 11. Bb2 Bf6 12. Rad1 Qe7 13. Ba3 Nb4 14. Qd2 e5 15. e3 c5 16. d5 g5 1/2-1/2

[Event "HUN-chT 0506"]
[Site "Hungary"]
[Date "2006.02.12"]
[Round "7"]
[White "Haag, Ervin"]
[Black "Berczes, Csaba"]
[Result "0-1"]
[WhiteElo "2330"]
[BlackElo "2389"]
[PlyCount "52"]
[EventDate "2005.10.16"]
[EventType "team"]
[EventRounds "11"]
[EventCountry "HUN"]
[SourceTitle "EXT 2007"]
[Source "ChessBase"]
[SourceDate "2006.11.23"]
[SourceVersion "1"]
[SourceVersionDate "2006.11.23"]
[SourceQuality "1"]

1. c4 Nf6 2. g3 e6 3. Nf3 d5 4. b3 Be7 5. Bg2 0-0 6. Bb2 b6 7. 0-0 Bb7 8. d4 c5 9. cxd5 exd5 10. Nc3 Na6 11. Rc1 Re8 12. e3 Qd6 13. Ne5 Rad8 14. Nb5 Qb8 15. Re1 Nb4 16. Nc3 Nc6 17. f4 cxd4 18. Nxc6 Bxc6 19. Ne2 Bd7 20. Nxd4 Bb4 21. Bc3 Ba3 22. Nc6 Bxc6 23. Bxf6 Bxc1 24. Qg4 Bxe3+ 25. Rxe3 g6 26. Qg5 Qd6 0-1

[Event "HUN-chT2 Charousek 0405"]
[Site "Hungary"]
[Date "2005.03.06"]
[Round "9"]
[White "Haag, Ervin"]
[Black "Papp, Tamas"]
[Result "1-0"]
[WhiteElo "2341"]
[BlackElo "2171"]
[PlyCount "57"]
[EventDate "2004.09.26"]
[EventType "team"]
[EventRounds "11"]
[EventCountry "HUN"]
[SourceTitle "EXT 2008"]
[Source "ChessBase"]
[SourceDate "2007.11.25"]
[SourceVersion "1"]
[SourceVersionDate "2007.11.25"]
[SourceQuality "1"]
[WhiteTeam "Taban Spartacus"]
[BlackTeam "Decs"]
[WhiteTeamCountry "HUN"]
[BlackTeamCountry "HUN"]

1. c4 b6 2. e4 Bb7 3. Nc3 c5 4. Nf3 e6 5. g3 Nf6 6. d3 d5 7. cxd5 exd5 8. e5 d4 9. exf6 dxc3 10. Qe2+ Kd7 11. Ne5+ Kc7 12. Bf4 Bd6 13. Nxf7 Re8 14. Bxd6+ Qxd6 15. Nxd6 Rxe2+ 16. Bxe2 Kxd6 17. fxg7 Na6 18. 0-0 cxb2 19. Rab1 Rg8 20. Rxb2 Rxg7 21. f4 Nc7 22. f5 Nd5 23. Bf3 Rf7 24. Be4 Ke5 25. Re1 Kd4 26. Rf2 b5 27. f6 c4 28. dxc4 Kxc4 29. Rf5 1-0

[Event "HUN-chT2 Charousek 0405"]
[Site "Hungary"]
[Date "2005.02.06"]
[Round "7"]
[White "Haag, Ervin"]
[Black "Veress, Robert"]
[Result "1/2-1/2"]
[WhiteElo "2341"]
[BlackElo "2200"]
[PlyCount "51"]
[EventDate "2004.09.26"]
[EventType "team"]
[EventRounds "11"]
[EventCountry "HUN"]
[SourceTitle "EXT 2008"]
[Source "ChessBase"]
[SourceDate "2007.11.25"]
[SourceVersion "1"]
[SourceVersionDate "2007.11.25"]
[SourceQuality "1"]
[WhiteTeam "Taban Spartacus"]
[BlackTeam "Szenna Pack"]
[WhiteTeamCountry "HUN"]
[BlackTeamCountry "HUN"]

1. c4 e6 2. Nf3 Nf6 3. g3 b6 4. Bg2 Bb7 5. 0-0 Be7 6. Nc3 0-0 7. Re1 d5 8. cxd5 Nxd5 9. d4 Nxc3 10. bxc3 Be4 11. Ne5 Bxg2 12. Kxg2 Nc6 13. Nf3 Na5 14. Qd3 Qd5 15. e4 Qc4 16. Qc2 Rad8 17. Be3 Qa6 18. Rad1 Nc4 19. Bg5 Bxg5 20. Nxg5 h6 21. Nf3 c6 22. Qe2 b5 23. g4 Qa3 24. g5 h5 25. Rd3 Qb2 26. Kf1 1/2-1/2

[Event "HUN-chT2 Charousek 0405"]
[Site "Hungary"]
[Date "2004.12.19"]
[Round "5"]
[White "Zila, Laszlo"]
[Black "Haag, Ervin"]
[Result "1/2-1/2"]
[WhiteElo "2255"]
[BlackElo "2341"]
[PlyCount "83"]
[EventDate "2004.09.26"]
[EventType "team"]
[EventRounds "11"]
[EventCountry "HUN"]
[SourceTitle "EXT 2008"]
[Source "ChessBase"]
[SourceDate "2007.11.25"]
[SourceVersion "1"]
[SourceVersionDate "2007.11.25"]
[SourceQuality "1"]
[WhiteTeam "Husi"]
[BlackTeam "Taban Spartacus"]
[WhiteTeamCountry "HUN"]
[BlackTeamCountry "HUN"]

1. e4 c5 2. Nf3 g6 3. c3 Bg7 4. d4 cxd4 5. cxd4 d5 6. exd5 Qxd5 7. Nc3 Qd8 8. Bb5+ Nd7 9. 0-0 Ngf6 10. d5 0-0 11. d6 e6 12. Bc4 Nb6 13. Bb3 Bd7 14. Bg5 h6 15. Bh4 Bc6 16. Qd3 Nbd7 17. Nd4 Nc5 18. Nxc6 Nxd3 19. Nxd8 Rfxd8 20. Rad1 Nc5 21. Bc2 g5 22. Bg3 Nh5 23. f4 Nxf4 24. Bxf4 gxf4 25. Rxf4 Rac8 26. Rc4 b6 27. b4 Nb7 28. Rxc8 Rxc8 29. d7 Rxc3 30. d8Q+ Nxd8 31. Rxd8+ Bf8 32. Bb3 Rc7 33. Kf2 Kg7 34. b5 Be7 35. Rd3 e5 36. Rg3+ Kf8 37. Rf3 Bc5+ 38. Ke2 e4 39. Rf5 Rd7 40. Rd5 Rc7 41. Rf5 Kg7 42. g4 1/2-1/2

[Event "HUN-chT 0304"]
[Site "Hungary"]
[Date "2004.04.04"]
[Round "10"]
[White "Bokros, Albert"]
[Black "Haag, Ervin"]
[Result "1-0"]
[WhiteElo "2477"]
[BlackElo "2327"]
[PlyCount "47"]
[EventDate "2003.09.28"]
[EventType "team"]
[EventRounds "11"]
[EventCountry "HUN"]
[SourceTitle "EXT 2006"]
[Source "ChessBase"]
[SourceDate "2005.11.24"]
[SourceVersion "1"]
[SourceVersionDate "2005.11.24"]
[SourceQuality "1"]

1. e4 c5 2. Nf3 e6 3. d4 cxd4 4. Nxd4 a6 5. Bd3 Bc5 6. Nb3 Be7 7. Qg4 g6 8. Qe2 d6 9. Nc3 Nc6 10. 0-0 Qc7 11. Kh1 b5 12. f4 b4 13. Nd1 Nf6 14. Bd2 d5 15. exd5 Nxd5 16. c4 bxc3 17. Nxc3 Nxc3 18. Bxc3 0-0 19. Rac1 Bb7 20. Rf3 Rfd8 21. Ba5 Qd6 22. Bxd8 Rxd8 23. Be4 f5 24. Rd3 1-0

[Event "HUN-chT 0304"]
[Site "Hungary"]
[Date "2004.03.21"]
[Round "9"]
[White "Haag, Ervin"]
[Black "Videki, Sandor"]
[Result "1-0"]
[WhiteElo "2327"]
[BlackElo "2429"]
[PlyCount "125"]
[EventDate "2003.09.28"]
[EventType "team"]
[EventRounds "11"]
[EventCountry "HUN"]
[SourceTitle "EXT 2006"]
[Source "ChessBase"]
[SourceDate "2005.11.24"]
[SourceVersion "1"]
[SourceVersionDate "2005.11.24"]
[SourceQuality "1"]

1. c4 e6 2. Nf3 d5 3. b3 Nf6 4. Bb2 Nbd7 5. g3 c6 6. Bg2 Bd6 7. 0-0 0-0 8. d4 b6 9. Nc3 Bb7 10. cxd5 exd5 11. Nh4 Re8 12. Rc1 g6 13. e3 Bf8 14. Re1 Rc8 15. Rc2 a5 16. Nf3 Bg7 17. a3 Ne4 18. Nxe4 dxe4 19. Nd2 f5 20. b4 axb4 21. axb4 Nf6 22. Ba3 Bf8 23. Bf1 Nd5 24. Qb1 Ra8 25. Qb3 Kg7 26. Nc4 b5 27. Na5 Qb6 28. Rec1 Re6 29. Rc5 Bxc5 30. dxc5 Qc7 31. Bb2+ Kf7 32. Bxb5 Rxa5 33. bxa5 cxb5 34. c6 Bxc6 35. Qxd5 Bxd5 36. Rxc7+ Re7 37. Rc5 Rd7 38. Bd4 b4 39. a6 Ke6 40. Rb5 b3 41. a7 Rd8 42. Rb6+ Kf7 43. Rb8 Re8 44. Bc5 b2 45. Rxb2 Rc8 46. Rb5 Ke8 47. Bd6 Ba8 48. Kg2 Kd7 49. Bf4 Bc6 50. Rb6 Rg8 51. h4 Rc8 52. Bb8 Ba8 53. Bf4 Rc6 54. Rb8 Rc8 55. h5 Re8 56. Kh3 Bc6 57. Kh4 gxh5 58. Kxh5 Ke7 59. Kg5 Kf7 60. Kxf5 Bd7+ 61. Kg5 h6+ 62. Kxh6 Bc8 63. a8Q 1-0

[Event "HUN-chT2 Charousek 0203"]
[Site "Hungary"]
[Date "2003.03.23"]
[Round "9.4"]
[White "Hoflinger, Istvan"]
[Black "Haag, Ervin"]
[Result "1-0"]
[WhiteElo "2154"]
[BlackElo "2325"]
[PlyCount "69"]
[EventDate "2002.09.22"]
[EventType "team"]
[EventRounds "11"]
[EventCountry "HUN"]
[SourceTitle "EXT 2004"]
[Source "ChessBase"]
[SourceDate "2003.11.25"]
[SourceVersion "1"]
[SourceVersionDate "2003.11.25"]
[SourceQuality "1"]
[WhiteTeam "Kiraly Sakk"]
[BlackTeam "Taban Spartacus"]
[WhiteTeamCountry "HUN"]
[BlackTeamCountry "HUN"]

1. d4 Nf6 2. c4 c5 3. d5 b5 4. cxb5 a6 5. f3 e6 6. e4 exd5 7. e5 Qe7 8. Qe2 Ng8 9. Nc3 Bb7 10. Nh3 d4 11. Ne4 Qe6 12. Nhg5 Qd5 13. Qc2 axb5 14. Bxb5 Ba6 15. Bxa6 Nxa6 16. a3 Nb4 17. Qd1 f6 18. exf6 gxf6 19. 0-0 fxg5 20. Bxg5 Nc6 21. Bf6 Kf7 22. Bxh8 Be7 23. Qd2 Rf8 24. Rfe1 Kg6 25. Qf2 Kf7 26. Qg3 c4 27. Rad1 d3 28. Bc3 Nd4 29. Qf4+ Kg6 30. Qg4+ Kf7 31. Nd6+ Qxd6 32. Bxd4 Nf6 33. Bxf6 Kxf6 34. Qxc4 Qb6+ 35. Kf1 1-0

[Event "HUN-chT2 Charousek 0203"]
[Site "Hungary"]
[Date "2003.03.02"]
[Round "8.4"]
[White "Haag, Ervin"]
[Black "Frank, Jozsef"]
[Result "1-0"]
[WhiteElo "2325"]
[BlackElo "2156"]
[PlyCount "45"]
[EventDate "2002.09.22"]
[EventType "team"]
[EventRounds "11"]
[EventCountry "HUN"]
[SourceTitle "EXT 2004"]
[Source "ChessBase"]
[SourceDate "2003.11.25"]
[SourceVersion "1"]
[SourceVersionDate "2003.11.25"]
[SourceQuality "1"]
[WhiteTeam "Taban Spartacus"]
[BlackTeam "Gyor Elektromos"]
[WhiteTeamCountry "HUN"]
[BlackTeamCountry "HUN"]

1. c4 Nf6 2. g3 g6 3. Bg2 Bg7 4. Nc3 e5 5. Nf3 Nc6 6. 0-0 0-0 7. d3 d6 8. Rb1 Re8 9. Bg5 h6 10. Bxf6 Qxf6 11. b4 Qd8 12. b5 Ne7 13. Nd2 c6 14. bxc6 bxc6 15. Qa4 Be6 16. Bxc6 Nxc6 17. Qxc6 Qa5 18. Rfc1 d5 19. cxd5 Rac8 20. Qb5 Qxb5 21. Rxb5 e4 22. dxe6 Rxe6 23. Nc4 1-0

[Event "HUN-chT2 Charousek 0203"]
[Site "Hungary"]
[Date "2002.12.08"]
[Round "4.3"]
[White "Pirisi, Gabor"]
[Black "Haag, Ervin"]
[Result "1/2-1/2"]
[WhiteElo "2279"]
[BlackElo "2325"]
[PlyCount "37"]
[EventDate "2002.09.22"]
[EventType "team"]
[EventRounds "11"]
[EventCountry "HUN"]
[SourceTitle "EXT 2004"]
[Source "ChessBase"]
[SourceDate "2003.11.25"]
[SourceVersion "1"]
[SourceVersionDate "2003.11.25"]
[SourceQuality "1"]
[WhiteTeam "Matador"]
[BlackTeam "Taban Spartacus"]
[WhiteTeamCountry "HUN"]
[BlackTeamCountry "HUN"]

1. Nf3 c5 2. g3 g6 3. Bg2 Bg7 4. 0-0 Nc6 5. e4 d6 6. c3 e5 7. d3 Nge7 8. a4 0-0 9. Be3 b6 10. d4 cxd4 11. cxd4 Ba6 12. Re1 Rc8 13. Nc3 Na5 14. dxe5 dxe5 15. Nd2 Qd6 16. Qb1 Qb4 17. Na2 Qd6 18. b4 Bd3 19. Qd1 1/2-1/2

[Event "HUN-chT2 0102"]
[Site "Hungary"]
[Date "2002.01.27"]
[Round "6"]
[White "Borsavolgyi, Tamas"]
[Black "Haag, Ervin"]
[Result "1/2-1/2"]
[WhiteElo "2308"]
[BlackElo "2339"]
[PlyCount "37"]
[EventDate "2001.??.??"]
[EventType "team"]
[EventRounds "11"]
[EventCountry "HUN"]
[SourceTitle "EXT 2004"]
[Source "ChessBase"]
[SourceDate "2003.11.25"]
[SourceVersion "1"]
[SourceVersionDate "2003.11.25"]
[SourceQuality "1"]

1. e4 c5 2. Nf3 d6 3. d4 cxd4 4. Nxd4 Nf6 5. Nc3 a6 6. Be2 e5 7. Nb3 Be7 8. 0-0 Be6 9. f4 Qc7 10. a4 Nbd7 11. a5 0-0 12. Kh1 Rfc8 13. Ra4 exf4 14. Rxf4 Ne5 15. Nd4 Bd7 16. Ra1 Re8 17. Nf5 Bxf5 18. exf5 d5 19. Rd4 1/2-1/2

[Event "HUN-chT2 0102"]
[Site "Hungary"]
[Date "2001.10.14"]
[Round "2"]
[White "Haag, Ervin"]
[Black "Sinkovics, Peter"]
[Result "1/2-1/2"]
[WhiteElo "2339"]
[BlackElo "2301"]
[PlyCount "27"]
[EventDate "2001.??.??"]
[EventType "team"]
[EventRounds "11"]
[EventCountry "HUN"]
[SourceTitle "EXT 2004"]
[Source "ChessBase"]
[SourceDate "2003.11.25"]
[SourceVersion "1"]
[SourceVersionDate "2003.11.25"]
[SourceQuality "1"]

1. e4 e5 2. Nf3 Nc6 3. Bc4 Nf6 4. d3 Be7 5. 0-0 d6 6. Bb3 0-0 7. Re1 Bg4 8. c3 Na5 9. Bc2 c5 10. Nbd2 Rc8 11. h3 Be6 12. a3 Nc6 13. b4 b5 14. Rb1 1/2-1/2

[Event "HUN-chT2 Charousek 0001"]
[Site "Hungary"]
[Date "2001.04.08"]
[Round "10"]
[White "Haag, Ervin"]
[Black "Ezsol, Miklos"]
[Result "0-1"]
[WhiteElo "2331"]
[BlackElo "2388"]
[PlyCount "98"]
[EventDate "2000.11.26"]
[EventType "team"]
[EventRounds "11"]
[EventCountry "HUN"]
[SourceTitle "EXT 2007"]
[Source "ChessBase"]
[SourceDate "2006.11.23"]
[SourceVersion "1"]
[SourceVersionDate "2006.11.23"]
[SourceQuality "1"]
[WhiteTeam "Budapest Spartacus"]
[BlackTeam "Gyor Elektromos"]
[WhiteTeamCountry "HUN"]
[BlackTeamCountry "HUN"]

1. c4 e5 2. g3 Nc6 3. Bg2 Bc5 4. Nc3 f5 5. d3 Nf6 6. e3 f4 7. Nge2 fxe3 8. fxe3 d6 9. d4 Bb4 10. 0-0 Bxc3 11. Nxc3 Bg4 12. Qd3 Qd7 13. Ne4 Nxe4 14. Bxe4 0-0-0 15. Bd2 Rdf8 16. d5 Ne7 17. Bg2 Ng6 18. Rac1 Rxf1+ 19. Rxf1 Rf8 20. Rxf8+ Nxf8 21. b3 Qf5 22. e4 Qf7 23. Qe3 b6 24. Qg5 Qd7 25. Qe3 h6 26. Qf2 Nh7 27. Qf1 Qe8 28. h3 Bd7 29. Kh2 Qg6 30. Qe2 Nf6 31. g4 Kd8 32. Be1 h5 33. gxh5 Nxh5 34. Bh4+ Kc8 35. Qf3 Nf4 36. Bf1 Kb7 37. Bf2 Qh6 38. Qg3 g5 39. h4 gxh4 40. Qf3 Qg5 41. b4 Qf6 42. Qe3 c5 43. dxc6+ Bxc6 44. c5 dxc5 45. bxc5 b5 46. a4 bxa4 47. Qc3 Nd3 48. Qxd3 Qxf2+ 49. Kh1 Qxc5 0-1

[Event "HUN-chT2 Charousek 0001"]
[Site "Hungary"]
[Date "2001.02.25"]
[Round "7"]
[White "Almasi, Istvan"]
[Black "Haag, Ervin"]
[Result "1-0"]
[WhiteElo "2429"]
[BlackElo "2331"]
[PlyCount "45"]
[EventDate "2000.11.26"]
[EventType "team"]
[EventRounds "11"]
[EventCountry "HUN"]
[SourceTitle "EXT 2007"]
[Source "ChessBase"]
[SourceDate "2006.11.23"]
[SourceVersion "1"]
[SourceVersionDate "2006.11.23"]
[SourceQuality "1"]
[WhiteTeam "Vizugy"]
[BlackTeam "Budapest Spartacus"]
[WhiteTeamCountry "HUN"]
[BlackTeamCountry "HUN"]

1. d4 Nf6 2. Nf3 c5 3. d5 b5 4. Bg5 Qb6 5. e3 Bb7 6. Nc3 b4 7. Bxf6 exf6 8. Na4 Qd6 9. e4 f5 10. exf5 Qxd5 11. Bd3 Be7 12. Qe2 c4 13. Bxc4 Qxf5 14. 0-0-0 Bxf3 15. gxf3 0-0 16. Qxe7 Qf4+ 17. Kb1 Qxc4 18. Rhg1 g6 19. Nc5 Rc8 20. Ne4 Nc6 21. Qg5 Qe6 22. Rd6 Qe5 23. Rxc6 1-0

[Event "HUN-chT2 Charousek 0001"]
[Site "Hungary"]
[Date "2000.12.17"]
[Round "3"]
[White "Kahn, Evarth"]
[Black "Haag, Ervin"]
[Result "1/2-1/2"]
[WhiteElo "2346"]
[BlackElo "2331"]
[PlyCount "39"]
[EventDate "2000.11.26"]
[EventType "team"]
[EventRounds "11"]
[EventCountry "HUN"]
[SourceTitle "EXT 2007"]
[Source "ChessBase"]
[SourceDate "2006.11.23"]
[SourceVersion "1"]
[SourceVersionDate "2006.11.23"]
[SourceQuality "1"]
[WhiteTeam "Szazhalombatta"]
[BlackTeam "Budapest Spartacus"]
[WhiteTeamCountry "HUN"]
[BlackTeamCountry "HUN"]

1. d4 Nf6 2. c4 g6 3. Nc3 Bg7 4. e4 d6 5. f4 0-0 6. Nf3 c5 7. d5 e6 8. Be2 exd5 9. cxd5 Bg4 10. 0-0 Nbd7 11. h3 Bxf3 12. Bxf3 a6 13. a4 Qc7 14. e5 dxe5 15. d6 Qb6 16. a5 Qa7 17. fxe5 Nxe5 18. Bg5 c4+ 19. Kh1 Nd3 20. Qa4 1/2-1/2

[Event "HUN-chT2 9900"]
[Site "Hungary"]
[Date "2000.04.02"]
[Round "11"]
[White "Haag, Ervin"]
[Black "Taskovits, Istvan"]
[Result "1-0"]
[WhiteElo "2338"]
[BlackElo "2351"]
[PlyCount "95"]
[EventDate "1999.09.26"]
[EventType "team"]
[EventRounds "11"]
[EventCountry "HUN"]
[SourceTitle "EXT 2002"]
[Source "ChessBase"]
[SourceDate "2001.11.25"]
[SourceVersion "1"]
[SourceVersionDate "2001.11.25"]
[SourceQuality "1"]

1. c4 c5 2. g3 Nc6 3. Bg2 g6 4. Nc3 Bg7 5. a3 e5 6. Rb1 a5 7. Nf3 Nge7 8. 0-0 0-0 9. d3 d6 10. Bd2 h6 11. Ne1 Be6 12. Nc2 d5 13. cxd5 Nxd5 14. Ne3 Nde7 15. Nc4 Rb8 16. Nb5 b6 17. f4 Nd4 18. Nc3 Ndc6 19. Nxe5 Nxe5 20. fxe5 Qd4+ 21. Kh1 Rbc8 22. Ne4 Qxe5 23. Bf4 Qh5 24. Bf3 Bg4 25. Bxg4 Qxg4 26. Bxh6 Nf5 27. Bf4 Rce8 28. Rf2 Re6 29. Qf1 Qh5 30. Qg2 Nd4 31. g4 Qh4 32. Bg5 Qh7 33. Bd2 Qh4 34. Rbf1 f5 35. Ng5 Ref6 36. Qd5+ Kh8 37. gxf5 Nxf5 38. Nf3 Qh3 39. Kg1 Bh6 40. Bxh6 Qxh6 41. Qe5 Kh7 42. e4 Qh5 43. exf5 Rxf5 44. Qg3 Kg7 45. h3 Rf4 46. Nd2 Rxf2 47. Rxf2 Qd1+ 48. Rf1 1-0

[Event "HUN-chT2 9900"]
[Site "Hungary"]
[Date "2000.03.26"]
[Round "10"]
[White "Meszaros, Tamas"]
[Black "Haag, Ervin"]
[Result "1/2-1/2"]
[WhiteElo "2207"]
[BlackElo "2338"]
[PlyCount "42"]
[EventDate "1999.09.26"]
[EventType "team"]
[EventRounds "11"]
[EventCountry "HUN"]
[SourceTitle "EXT 2002"]
[Source "ChessBase"]
[SourceDate "2001.11.25"]
[SourceVersion "1"]
[SourceVersionDate "2001.11.25"]
[SourceQuality "1"]

1. e4 c5 2. Nf3 d6 3. d4 cxd4 4. Nxd4 Nf6 5. Nc3 a6 6. Bg5 Nbd7 7. f4 e6 8. Qf3 h6 9. Bxf6 Nxf6 10. 0-0-0 Qc7 11. Bd3 Bd7 12. Rhe1 0-0-0 13. e5 Ne8 14. g4 Be7 15. Kb1 Kb8 16. Be4 Bc8 17. Qf2 d5 18. Bf3 Qc5 19. Re3 Nc7 20. Nb3 Qa7 21. Ne2 Bd7 1/2-1/2

[Event "HUN-chT2 9900"]
[Site "Hungary"]
[Date "2000.01.23"]
[Round "6"]
[White "Haag, Ervin"]
[Black "Magyar, Otto"]
[Result "1/2-1/2"]
[WhiteElo "2338"]
[BlackElo "2300"]
[PlyCount "30"]
[EventDate "1999.09.26"]
[EventType "team"]
[EventRounds "11"]
[EventCountry "HUN"]
[SourceTitle "EXT 2002"]
[Source "ChessBase"]
[SourceDate "2001.11.25"]
[SourceVersion "1"]
[SourceVersionDate "2001.11.25"]
[SourceQuality "1"]

1. e4 e5 2. Nc3 Nf6 3. f4 d5 4. fxe5 Nxe4 5. Nf3 c5 6. Qe2 Nxc3 7. dxc3 Nc6 8. Bg5 Be7 9. Bxe7 Qxe7 10. 0-0-0 Be6 11. Qf2 0-0-0 12. Bb5 Nb8 13. Rhe1 a6 14. Bf1 h6 15. g3 Qc7 1/2-1/2

[Event "HUN-chT2 9900"]
[Site "Hungary"]
[Date "1999.11.14"]
[Round "4"]
[White "Haag, Ervin"]
[Black "Ezsol, Miklos"]
[Result "1/2-1/2"]
[WhiteElo "2338"]
[BlackElo "2367"]
[PlyCount "108"]
[EventDate "1999.09.26"]
[EventType "team"]
[EventRounds "11"]
[EventCountry "HUN"]
[SourceTitle "EXT 2002"]
[Source "ChessBase"]
[SourceDate "2001.11.25"]
[SourceVersion "1"]
[SourceVersionDate "2001.11.25"]
[SourceQuality "1"]

1. e4 e5 2. Nf3 Qe7 3. Bc4 d6 4. d3 h6 5. Nc3 c6 6. a4 Nf6 7. Ba2 Na6 8. 0-0 Bg4 9. Ne2 Bxf3 10. gxf3 Nh5 11. Kh1 Nc5 12. c3 Ne6 13. d4 Qf6 14. Ng3 Nxg3+ 15. fxg3 exd4 16. Bxe6 fxe6 17. cxd4 d5 18. Bf4 Bb4 19. Be5 Qe7 20. exd5 exd5 21. f4 0-0-0 22. Qg4+ Rd7 23. f5 h5 24. Qf4 Rf8 25. Rac1 Qd8 26. Rc2 Rdf7 27. Rcf2 b6 28. Qc1 Kb7 29. Kg2 Be7 30. h4 Qd7 31. Qc2 c5 32. b3 Rc8 33. Qe2 Bf6 34. Qxh5 cxd4 35. Bxf6 Rxf6 36. Qd1 Rc3 37. Qxd4 Rxb3 38. Rd1 Rd6 39. Rf4 Qe7 40. Rg4 Rd7 41. Kh3 a5 42. Qf2 Rb4 43. Rdd4 Rb3 44. h5 Qe5 45. Rg6 Rf7 46. Rf4 Qa1 47. h6 gxh6 48. f6 Rc3 49. Rg7 Rcc7 50. Rxf7 Rxf7 51. Qf3 Qe5 52. Rf5 Qe6 53. g4 Kc6 54. Qc3+ Kd7 1/2-1/2

[Event "HUN-chT2 9900"]
[Site "Hungary"]
[Date "1999.09.26"]
[Round "1"]
[White "Pinter, Gabor"]
[Black "Haag, Ervin"]
[Result "1/2-1/2"]
[WhiteElo "2332"]
[BlackElo "2338"]
[PlyCount "91"]
[EventDate "1999.09.26"]
[EventType "team"]
[EventRounds "11"]
[EventCountry "HUN"]
[SourceTitle "EXT 2002"]
[Source "ChessBase"]
[SourceDate "2001.11.25"]
[SourceVersion "1"]
[SourceVersionDate "2001.11.25"]
[SourceQuality "1"]

1. e4 c5 2. Nf3 d6 3. d4 cxd4 4. Nxd4 Nf6 5. Nc3 a6 6. Be3 e5 7. Nb3 Be6 8. Be2 Be7 9. 0-0 Nbd7 10. f3 Nb6 11. Rf2 Qc7 12. a4 0-0 13. a5 Nc4 14. Bxc4 Qxc4 15. Rd2 Rad8 16. Ra4 Qc6 17. Rb4 Bc4 18. Nd5 Nxd5 19. exd5 Qc8 20. Nc1 f5 21. b3 Bb5 22. c4 Bd7 23. Rb6 f4 24. Bf2 Bf5 25. Nd3 Rd7 26. c5 Bxd3 27. c6 Bb5 28. cxd7 Qxd7 29. Rc2 Rc8 30. Qc1 Rxc2 31. Qxc2 g6 32. b4 Kf7 33. h4 Bd8 34. h5 Bxb6 35. axb6 Qf5 36. Qc7+ Qd7 37. Qc2 Qf5 38. Qc7+ Qd7 39. hxg6+ hxg6 40. Qb8 g5 41. Qh8 Qf5 42. Qb8 Qb1+ 43. Kh2 Qh7+ 44. Kg1 Qb1+ 45. Kh2 Qh7+ 46. Kg1 1/2-1/2